| 000 | 00908nam a2200277 i 4500 | ||
|---|---|---|---|
| 001 | bg | ||
| 003 | BPK | ||
| 005 | 20200713135318.0 | ||
| 008 | 030303s2002 pl a f |000 0 pol d | ||
| 020 | _a8386969539 | ||
| 040 | _cBPK | ||
| 080 | _a004.451 | ||
| 080 | _a(07) | ||
| 100 | 1 | _aSobaniec, Cezary. | |
| 245 | 1 | 0 |
_aSystem operacyjny Linux - przewodnik użytkownika / _cCezary Sobaniec. |
| 260 |
_aPoznań : _b"Nakom", _c2002. |
||
| 300 |
_a320 s. : _bil. ; _c24 cm. |
||
| 490 | 1 |
_aBiblioteka Użytkownika Mikrokomputerów, _x0867-6011 ; _vt. 48 |
|
| 504 | _aBibliogr. - Indeks. | ||
| 655 | 4 | _aPodręcznik | |
| 650 | 4 | _aLinux | |
| 710 | 2 |
_aWydawnictwo Nakom _4pbl. |
|
| 830 |
_aBiblioteka Użytkownika Mikrokomputerów ; _vt. 48 |
||
| 856 |
_uhttp://koha.tu.koszalin.pl/cgi-bin/koha/opac-detail.pl?biblionumber=41836 _yKatalog online BPK |
||
| 942 |
_cKS _2UKD |
||
| 999 |
_c41836 _d41836 |
||